000 nam a22 7a 4500
999 _c336547
_d336547
003 IT-MiCISF
005 20170331110904.0
008 170331b xxu||||| |||| 00| 0 eng d
040 _cIT-MiCISF
041 _ait
100 _aCaritas e Migrantes
_956320
245 _aImmigrazione Dossier Statistico 2010
_b20° Rapporto
260 _aRoma
_bIdos
_c2010
300 _app. 512
500 _afamiglia-migranti, lavoro, integrazione, società-multiculturale
650 _apopolazione
_956086
654 _adossier
942 _2ddc
_cBK